| 000 | 01844cam a2200397 a 4500 | ||
|---|---|---|---|
| 999 |
_c505 _d505 |
||
| 001 | 12720776 | ||
| 003 | GZU | ||
| 005 | 20200902145054.0 | ||
| 008 | 020327s2003 enka bf 001 0 eng | ||
| 010 | _a 2002025934 | ||
| 020 | _a0826458971 | ||
| 020 | _a082645898X (pb.) | ||
| 040 |
_aDLC _cDLC _dDLC |
||
| 043 | _ae------ | ||
| 050 | 0 | 0 |
_aCC135 _b.How 2002 |
| 082 | 0 | 0 |
_a363.6/9 _221 |
| 100 | 1 |
_aHoward, Peter, _d1944- |
|
| 245 | 1 | 0 |
_aHeritage : _bmanagement, interpretation, identity / _cPeter Howard. |
| 260 |
_aLondon ; _aNew York : _bContinuum, _c2003. |
||
| 300 |
_aviii, 278 p. : _bill. ; _c25 cm. |
||
| 504 | _aIncludes bibliographical references and index. | ||
| 650 | 0 |
_aHistoric sites _xManagement. |
|
| 650 | 0 |
_aCultural property _xManagement. |
|
| 650 | 0 |
_aHistoric sites _xInterpretive programs _vHandbooks, manuals, etc. |
|
| 650 | 0 |
_aHistoric sites _zEurope _xManagement. |
|
| 650 | 0 |
_aHistoric sites _xInterpretive programs _zEurope _vHandbooks, manuals, etc. |
|
| 650 | 0 |
_aCultural property _zEurope _xManagement. |
|
| 650 | 0 | _aInterpretation of cultural and natural resources. | |
| 650 | 0 |
_aInterpretation of cultural and natural resources _zEurope. |
|
| 856 | 4 | 2 |
_3Contributor biographical information _uhttp://www.loc.gov/catdir/enhancements/fy1115/2002025934-b.html |
| 856 | 4 | 1 |
_3Table of contents only _uhttp://www.loc.gov/catdir/enhancements/fy1115/2002025934-t.html |
| 856 | 4 | 2 |
_3Publisher description _uhttp://www.loc.gov/catdir/enhancements/fy1505/2002025934-d.html |
| 906 |
_a7 _bcbc _corignew _d1 _eocip _f20 _gy-gencatlg |
||
| 942 |
_2lcc _cBK _h135 _iHOW _kCC |
||